[Event "Tourn. n10165"]
[Site "www.echecsemail.com"]
[Date "2019.11.02"]
[Round "1"]
[White "Jerome"]
[Black "Obisporey"]
[WhiteElo "2369"]
[BlackElo "2600"]
[Result "1-0"]
[Round "1"]
1.e4 c5
2.Ng1f3 Nb8c6
3.Nb1c3 e5
4.Bf1c4 Bf8e7
5.d3 d6
6.O-O Ng8f6
7.Nc3d5 Nf6xd5
8.Bc4xd5 O-O
9.c3 Bc8e6
10.Rf1e1 Qd8d7
11.a4 Be7f6
12.Bc1d2 Be6xd5
13.exd5 Nc6e7
14.c4 Rf8e8
15.g3 Ne7g6
16.Kg2 b6
17.h4 Ng6e7
18.Ra1b1 Ne7f5
19.b4 Ra8b8
20.bxc5 bxc5
21.a5 Rb8xb1
22.Qd1xb1 Qd7c7
23.Qb1a2 Re8b8
24.Re1b1 h6
25.a6 g6
26.Bd2a5 Qc7c8
27.Rb1xb8 Qc8xb8
28.Nf3d2 Qb8c8
29.Nd2e4 Bf6e7
30.Ba5d2 Kh7
31.Qa2a4 Nf5d4
32.Bd2c3 f5
33.Bc3xd4 exd4
34.Qa4c6 Qc8d8
35.Ne4xc5 dxc5
36.Qc6b7 Kg8
37.Qb7xa7 Be7d6
38.Qa7b7 Bd6b8
39.a7 Bb8xa7
40.Qb7xa7 Qd8d6
41.Qa7b7 Kf8
42.h5 gxh5
43.Qb7c8 Ke7
44.Qc8xf5 h4
45.Qf5e4 Kd7
46.Qe4xh4 { resign }
1-0

[Event "Tourn. n10185"]
[Site "www.echecsemail.com"]
[Date "2019.11.02"]
[Round "1"]
[White "Asoka"]
[Black "Jerome"]
[WhiteElo "2760"]
[BlackElo "2430"]
[Result "1/2-1/2"]
[Round "1"]
1.e4 c5
2.Ng1f3 e6
3.Nb1c3 d6
4.d4 cxd4
5.Nf3xd4 Ng8f6
6.g4 h6
7.g5 hxg5
8.Bc1xg5 a6
9.Qd1e2 b5
10.a3 Bc8b7
11.O-O-O Nb8d7
12.h4 Qd8b6
13.Bf1g2 Bf8e7
14.f4 b4
15.axb4 Qb6xb4
16.Nd4b3 Ra8b8
17.Rd1d4 Qb4b6
18.Rh1d1 Nd7c5
19.Nb3xc5 dxc5
20.Rd4a4 a5
21.Ra4a2 c4
22.f5 e5
23.Kb1 Be7b4
24.Nc3d5 Bb7xd5
25.exd5 O-O
26.h5 e4
27.h6 Rf8d8
28.Qe2xc4 Rb8c8
29.Qc4d4 Rd8xd5
30.Qd4xb6 Rd5xd1
31.Bg5c1 Bb4d2
32.Ra2a4 Rd1xc1
33.Ka2 Rc1xc2
34.Bg2xe4 Nf6xe4
35.Ra4xe4 Bd2c1
36.Qb6a7 Rc2xb2
37.Ka1 Rc8b8
38.Re4e8 Rb8xe8
39.Qa7g1 Bc1xh6
40.Kxb2 Re8e5
41.Qg1g4 Kh7
42.Ka3 g6
43.fxg6 fxg6
44.Ka4 Bh6g5
45.Qg4d7 Kh6
46.Qd7c8 Bg5f4
47.Qc8h3 Kg5
48.Qh3d7 Kh6
{ draw }
1/2-1/2

[Event "Tourn. n10246"]
[Site "www.echecsemail.com"]
[Date "2019.11.02"]
[Round "1"]
[White "Apdash"]
[Black "Fantomas"]
[WhiteElo "2220"]
[BlackElo "2220"]
[Result "1/2-1/2"]
[Round "1"]
1.e4 e5
2.Ng1f3 Ng8f6
3.Bf1c4 Bf8d6
4.O-O c5
5.Rf1e1 Nb8c6
6.c3 Qd8c7
7.d3 h6
8.Nb1a3 a6
9.h3 b5
10.Bc4b3 Bc8b7
11.d4 c4
12.Bb3c2 O-O
13.d5 Nc6e7
14.Na3b1 Bd6c5
15.b4 cxb3
16.axb3 d6
17.b4 Bc5b6
18.Bc1e3 Ne7g6
19.Be3xb6 Qc7xb6
20.Nb1d2 Rf8c8
21.Nd2b1 Ng6f4
{ draw }
1/2-1/2

[Event "Match"]
[Site "www.echecsemail.com"]
[Date "2019.11.02"]
[Round "1"]
[White "Kevinking"]
[Black "Apdash"]
[WhiteElo "2030"]
[BlackElo "2180"]
[Result "0-1"]
[Round "1"]
1.f4 e5
2.fxe5 d6
3.exd6 Bf8xd6
4.Ng1f3 Bc8g4
5.e3 Nb8c6
6.d4 Ng8f6
7.Bf1d3 Nc6b4
8.Bd3e2 Nf6e4
9.c3 Nb4d5
10.Bc1d2 Bg4xf3
11.Be2xf3 Qd8h4
12.Ke2 Ne4xd2
13.Nb1xd2 c6
14.g3 Qh4g5
15.Bf3xd5 Qg5xd5
16.e4 Qd5b5
17.Ke3 Qb5xb2
18.Qd1c1 Qb2b6
19.Ra1b1 Qb6c7
20.Nd2f3 O-O
21.Rh1e1 Rf8e8
22.Kf2 f6
23.Nf3h4 g6
24.Kg2 Re8e7
25.Qc1b2 Ra8e8
26.Re1f1 Re7xe4
27.Qb2xb7 Re4e2
28.Rf1f2 Re2xf2
29.Kxf2 Re8e7
30.Qb7xc7 Re7xc7
31.c4 c5
32.d5 Kg7
33.a4 Bd6e5
34.Nh4f3 Be5d6
35.Nf3d2 f5
36.Nd2f1 Kf6
37.Nf1e3 f4
38.gxf4 Bd6xf4
39.d6 Bf4xe3
40.Kxe3 Rc7d7
41.Rb1d1 Ke5
{ resign }
0-1

[Event "1/32 Finale"]
[Site "www.chess-mail.com"]
[Date "2019.11.02"]
[Round "1"]
[White "Esperanza"]
[Black "Bevittsmith"]
[WhiteElo "2110"]
[BlackElo "2310"]
[Result "0-1"]
[Round "1"]
1.e4 e6
2.d4 d5
3.Nb1c3 Bf8b4
4.e5 c5
5.a3 Bb4xc3
6.bxc3 Ng8e7
7.Qd1g4 Qd8c7
8.Bf1d3 cxd4
9.cxd4 Qc7c3
{ resign }
0-1

[Event "Tourn. n10188"]
[Site "www.echecsemail.com"]
[Date "2019.11.03"]
[Round "1"]
[White "Sociopath"]
[Black "Jerome"]
[WhiteElo "2790"]
[BlackElo "2450"]
[Result "1/2-1/2"]
[Round "1"]
1.e4 c5
2.Ng1f3 e6
3.d4 cxd4
4.Nf3xd4 Ng8f6
5.Nb1c3 d6
6.Bc1e3 a6
7.a3 b5
8.g4 Bc8b7
9.Bf1g2 h5
10.g5 Nf6g4
11.Be3c1 Qd8b6
12.h3 Ng4e5
13.f4 Nb8c6
14.Nd4xc6 Ne5xc6
15.Qd1d3 Qb6c7
16.Bc1e3 Bf8e7
17.Rh1f1 Ra8c8
18.O-O-O b4
19.axb4 Nc6xb4
20.Qd3d2 Qc7a5
21.Kb1 Bb7c6
22.Qd2d4 Bc6a4
23.Rf1f2 O-O
24.Qd4b6 Qa5xb6
25.Be3xb6 Rc8xc3
26.bxc3 Nb4xc2
27.Kc1 Rf8b8
28.Bb6c7 Rb8b7
29.e5 d5
30.Bc7d6 Be7xd6
31.exd6 Nc2a3
32.Rf2b2 Rb7xb2
33.Kxb2 Na3c4
34.Kc1 Nc4xd6
35.Rd1e1 Kh7
36.c4 dxc4
37.Kb2 h4
38.Re1a1 Ba4b5
39.Ra1d1 Nd6e8
40.Kc3 Kg6
41.Bg2e4 f5
42.Be4g2 e5
43.fxe5 Kxg5
44.Bg2b7 g6
45.Kd4 Ne8g7
46.Rd1g1 Kh5
47.Bb7d5 g5
48.Bd5f7 Kh6
49.e6 f4
50.e7 c3
51.Kxc3 f3
52.Bf7c4 Bb5xc4
53.Kxc4 Ng7f5
54.e8Q Nf5d6
55.Kd4 Nd6xe8
56.Ke3 Ne8f6
57.Kxf3 Kg6
58.Rg1a1 Kf5
59.Ra1a5 Kg6
60.Ra5a3 Kf5
61.Ra3a5 Kg6
62.Ra5xa6 Kf5
63.Ra6a5 Kg6
64.Ra5b5 Nf6d7
65.Ke4 Nd7f6
66.Kf3 Nf6d7
67.Ke4 Nd7f6
68.Kf3 Nf6d7
69.Ke4 Nd7f6
70.Kf3 Nf6d7
71.Rb5b1 Nd7f6
72.Rb1b6 Kf5
73.Rb6b5 Kg6
74.Rb5b1 Kf5
75.Rb1b5 Kg6
76.Rb5a5 Nf6d7
77.Ra5d5 Nd7f6
78.Rd5d8 Kf5
79.Rd8f8 Kg6
80.Rf8a8 { draw }
1/2-1/2

[Event "Tourn. n10197"]
[Site "www.echecsemail.com"]
[Date "2019.11.03"]
[Round "1"]
[White "Vasylpuzanov"]
[Black "Mapudungo"]
[WhiteElo "1370"]
[BlackElo "1499"]
[Result "1-0"]
[Round "1"]
1.e4 e5
2.f4 exf4
3.Ng1f3 g5
4.Bf1c4 h6
5.Nf3e5 Qd8e7
6.d4 Nb8c6
7.Bc4xf7 Kd8
8.Ne5xc6 bxc6
9.Bf7g6 c5
10.d5 Bc8a6
11.Nb1d2 Bf8g7
12.c4 Ra8b8
13.O-O Rb8b6
14.Bg6f5 h5
15.Ra1b1 Ng8h6
16.Qd1c2 h4
17.h3  { time }
1-0

[Event "Tourn. n10232"]
[Site "www.echecsemail.com"]
[Date "2019.11.03"]
[Round "1"]
[White "Galiany17"]
[Black "Aperturaf"]
[WhiteElo "2600"]
[BlackElo "2770"]
[Result "1-0"]
[Round "1"]
1.d4 d5
2.c4 e6
3.Nb1c3 Ng8f6
4.Ng1f3 c6
5.e3 b6
6.Bf1d3 Bc8b7
7.O-O Nb8d7
8.Qd1e2 Bf8e7
9.Rf1d1 O-O
10.e4 dxe4
11.Nc3xe4 c5
12.Ne4xf6 Be7xf6
13.dxc5 Bb7xf3
14.Qe2xf3 Nd7e5
15.Bd3xh7 { resign }
1-0

[Event "Tourn. n10215"]
[Site "www.echecsemail.com"]
[Date "2019.11.03"]
[Round "1"]
[White "Pariolinius"]
[Black "Iko"]
[WhiteElo "1910"]
[BlackElo "1820"]
[Result "1-0"]
[Round "1"]
1.e4 e5
2.Ng1f3 d6
3.d4 Bc8g4
4.Bf1e2 Nb8c6
5.d5 Bg4xf3
6.Be2xf3 Qd8f6
7.dxc6 bxc6
8.Nb1c3 Ra8b8
9.O-O Bf8e7
10.b3 Ng8h6
11.Bc1e3 O-O
12.Be3xa7 Rb8b4
13.a3 Rb4b7
14.Ba7e3 d5
15.exd5 cxd5
16.Nc3xd5 Qf6e6
17.Nd5xe7 Qe6xe7
18.Bf3xb7 Rf8b8
19.Bb7e4 f5
20.Be4d5 Nh6f7
21.b4 Rb8d8
22.Be3c5 Qe7f6
23.Qd1f3 e4
24.Bd5xf7 Qf6xf7
25.Qf3f4 c6
26.Rf1d1 Rd8e8
27.a4 Qf7h5
28.a5 Qh5e2
29.Ra1c1 Qe2b5
30.Qf4xf5 Re8f8
31.Qf5xf8 
1-0

[Event "Tourn. n10230"]
[Site "www.echecsemail.com"]
[Date "2019.11.03"]
[Round "1"]
[White "Fantomas"]
[Black "Said13"]
[WhiteElo "2150"]
[BlackElo "2229"]
[Result "0-1"]
[Round "1"]
1.e4 c5
2.Ng1f3 d6
3.d4 cxd4
4.Nf3xd4 Ng8f6
5.Nb1c3 a6
6.Bf1e2 e5
7.Nd4b3 Bf8e7
8.h3 O-O
9.Bc1e3 Bc8e6
10.Nc3d5 Nb8d7
11.Nd5xe7 Qd8xe7
12.Qd1d3 Rf8c8
13.Ra1d1 d5
14.f3 d4
15.Be3f2 Be6c4
16.Qd3d2 b5
17.Be2d3 Nf6h5
18.g3 Bc4xd3
19.cxd3 a5
20.Nb3a1 Qe7f6
21.Qd2e2 Rc8c5
22.O-O Qf6e6
23.Kh2 Qe6xa2
24.Rd1d2 Qa2e6
25.Rf1d1 b4
26.Rd2c2 g6
27.Rd1c1 Ra8c8
28.Rc2xc5 Nd7xc5
29.Rc1c4 b3
30.Bf2e1 a4
31.Qe2d1 Nc5xd3
32.Rc4xc8 Qe6xc8
{ resign }
0-1

[Event "Match"]
[Site "www.echecsemail.com"]
[Date "2019.11.03"]
[Round "1"]
[White "Apdash"]
[Black "Bojan"]
[WhiteElo "2160"]
[BlackElo "1980"]
[Result "1-0"]
[Round "1"]
1.d4 c6
2.e4 h6
3.c4 d5
4.e5 Bc8f5
5.cxd5 Qd8xd5
6.Ng1f3 e6
7.Nb1c3 Qd5a5
8.Bf1e2 Nb8d7
9.O-O O-O-O
10.Bc1d2 Qa5c7
11.Qd1a4 Kb8
12.Ra1c1 Nd7b6
13.Qa4a5 Ng8e7
14.Nc3b5 cxb5
15.Rc1xc7 Kxc7
16.Be2xb5 Kb8
17.Bd2b4 Rd8d5
18.Bb4d6 Ka8
19.Qa5b4 Rd5xd6
20.exd6 Ne7d5
21.Qb4b3 Bf8xd6
22.Rf1c1 Nd5f4
23.Bb5f1 Bf5e4
24.Nf3e5 Be4d5
25.Qb3g3 Nf4g6
26.f4 Rh8f8
27.b3 Bd5e4
28.Qg3e3 Be4d5
29.Bf1c4 Ng6xe5
30.fxe5 Bd6a3
31.Rc1c2 Bd5c6
32.Qe3f4 Nb6xc4
33.bxc4 Ba3e7
34.Qf4g4 g6
35.d5 Bc6d7
36.c5 Kb8
37.c6 bxc6
38.dxc6 Bd7c8
39.Qg4a4 Ka8
40.Rc2b2 Be7d8
41.Qa4b4 Bd8c7
42.Qb4xf8 { resign }
1-0

[Event "Tourn. n10226"]
[Site "www.echecsemail.com"]
[Date "2019.11.03"]
[Round "1"]
[White "Fantomas"]
[Black "Said13"]
[WhiteElo "2150"]
[BlackElo "2229"]
[Result "0-1"]
[Round "1"]
1.e4 c5
2.Ng1f3 d6
3.d4 cxd4
4.c3 d3
5.Bf1xd3 Nb8c6
6.h3 Ng8f6
7.O-O g6
8.Rf1e1 Bf8g7
9.Bc1e3 O-O
10.Nb1a3 a6
11.Qd1c1 Rf8e8
12.Na3c4 b5
13.Nc4b6 Ra8b8
14.Nb6xc8 Qd8xc8
15.Be3h6 Bg7h8
16.Qc1g5 e5
17.g4 Nc6d8
18.Qg5h4 Nf6d7
19.Bh6g5 Nd8e6
20.Bg5e3 Bh8f6
21.Qh4g3 Nd7c5
22.Bd3c2 a5
23.b3 Ne6f4
24.Ra1d1 Nc5e6
25.Be3d2 h5
26.Nf3h2 h4
27.Qg3e3 Ne6g5
28.f3 Bf6d8
29.Qe3f2 Ng5xh3
{ resign }
0-1

[Event "Tourn. n10238"]
[Site "www.echecsemail.com"]
[Date "2019.11.03"]
[Round "1"]
[White "Jerome"]
[Black "Bigrezi"]
[WhiteElo "2790"]
[BlackElo "2320"]
[Result "1-0"]
[Round "1"]
1.e4 e6
2.d4 c5
3.Ng1f3 cxd4
4.Nf3xd4 Ng8f6
5.Nb1c3 Bf8b4
6.e5 Nf6e4
7.Qd1g4 Bb4xc3
8.bxc3 Qd8c7
9.Qg4xg7 Rh8f8
10.Nd4b5 Qc7c5
11.Bc1e3 Qc5e7
12.Nb5c7 Kd8
13.Nc7xa8 b6
14.f3 Ne4xc3
15.Be3g5 f6
16.Bg5xf6 Rf8xf6
17.exf6 { resign }
1-0

[Event "Tourn. n10191"]
[Site "www.echecsemail.com"]
[Date "2019.11.03"]
[Round "1"]
[White "Passaroa25"]
[Black "Chessdna"]
[WhiteElo "1780"]
[BlackElo "1600"]
[Result "0-1"]
[Round "1"]
1.Nb1c3 d5
2.d4 Ng8f6
3.f3 e6
4.e3 a6
5.Ng1e2 c5
6.Ne2f4 cxd4
7.Qd1xd4 Nb8c6
8.Bc1d2 Nc6xd4
9.exd4 Qd8b6
10.Nc3a4 Qb6xd4
11.Na4c3 Qd4e5
12.Bf1e2 d4
13.Nc3e4 Nf6xe4
14.fxe4 Qe5xe4
15.O-O-O Bf8d6
16.g3 O-O
17.Be2d3 Qe4c6
18.c4 b5
19.b3 Bc8b7
20.Kb1 b4
21.Nf4e2 Qc6f3
22.Ne2f4 a5
23.Rh1f1 Qf3c6
24.Nf4e2 e5
25.Ne2g1 e4
26.Bd3e2 e3
27.Bd2c1 a4
28.Rd1xd4 axb3
29.axb3 Bd6e5
30.Rd4d5 Qc6a6
31.Kc2 Qa6a2
32.Kd3 Bb7xd5
33.cxd5 Qa2xb3
34.Ke4 Be5f6
35.Bc1xe3 Rf8e8
36.Kf5 Qb3xe3
37.Ng1h3 Re8e5
38.Kg4 Qe3xe2
39.Kf4 Qe2e4

0-1

[Event "Tourn. n10207"]
[Site "www.echecsemail.com"]
[Date "2019.11.03"]
[Round "1"]
[White "Odin"]
[Black "Pipas"]
[WhiteElo "1900"]
[BlackElo "2069"]
[Result "1-0"]
[Round "1"]
1.d4 d5
2.c4 b6
3.g3 e6
4.Bf1g2 Ng8f6
5.Ng1f3 Nb8c6
6.e3 Bf8b4
7.Bc1d2 Bb4xd2
8.Nb1xd2 h6
9.O-O O-O
10.a3 Nc6a5
11.cxd5 Nf6xd5
12.b4 Na5c6
13.Nf3e5 Nc6e7
14.e4 Nd5c3
15.Qd1e1 Qd8xd4
16.Ne5f3 Qd4f6
17.e5 Qf6f5
18.Nf3h4  { time }
1-0

[Event "Match"]
[Site "www.echecsemail.com"]
[Date "2019.11.04"]
[Round "1"]
[White "Apdash"]
[Black "Estonia"]
[WhiteElo "2220"]
[BlackElo "1880"]
[Result "1-0"]
[Round "1"]
1.e4 c5
2.Ng1f3 e6
3.d4 cxd4
4.Nf3xd4 Nb8c6
5.Nb1c3 Bf8b4
6.Qd1d3 Ng8f6
7.f3 Qd8a5
8.Bc1d2 O-O
9.a3 Bb4xc3
10.Bd2xc3 Qa5g5
11.Nd4xc6 bxc6
12.Bc3d2 Qg5g6
13.g4 d5
14.e5 Nf6d7
15.Qd3xg6 fxg6
16.f4 Ra8b8
17.b4 Nd7b6
18.h4 Nb6a4
19.c4 a5
20.Ra1b1 axb4
21.axb4 Na4c5
22.b5 Bc8d7
23.Bd2b4 Rf8xf4
24.Bb4xc5 Rf4xg4
25.b6 Rg4e4
26.Bf1e2 Bd7c8
27.Bc5d6 Rb8b7
28.cxd5 cxd5
29.Bd6c7 Bc8d7
30.Kd2 Bd7a4
31.Be2a6 Ba4c6
32.Rh1c1 { resign }
1-0

[Event "Match"]
[Site "www.echecsemail.com"]
[Date "2019.11.04"]
[Round "1"]
[White "Chapi"]
[Black "Aiko1603"]
[WhiteElo "2090"]
[BlackElo "2090"]
[Result "1-0"]
[Round "1"]
1.d4 Ng8f6
2.c4 e6
3.Nb1c3 c5
4.Ng1f3 cxd4
5.Nf3xd4 Bf8c5
6.Bc1g5 Nb8c6
7.e3 h6
8.Bg5h4 Bc5e7
9.Bf1e2 O-O
10.O-O Nc6e5
11.Bh4g3 Ne5g6
12.Nc3b5 d6
13.Nd4f3 e5
14.Qd1d3 e4
15.Qd3d4 exf3
16.Be2xf3 Nf6e8
17.Ra1d1 a6
18.Nb5xd6 Be7xd6
19.Bg3xd6 Ne8xd6
20.Qd4xd6 Qd8xd6
21.Rd1xd6 Ra8b8
22.Rd6b6 Ng6e5
23.Bf3d5 Ne5d7
24.Rb6b3 b6
25.e4 Nd7c5
26.Rb3f3 Bc8e6
27.Rf3g3 Be6xd5
28.exd5 Nc5e4
29.Rg3d3 Ne4d6
30.b3 Rf8e8
31.Rd3e3 Re8xe3
32.fxe3 Rb8e8
33.Rf1e1 f5
34.Kf2 Kf7
35.Re1c1 Nd6e4
36.Kf3 Ke7
37.g4 Ne4g5
38.Kf4 fxg4
39.Kxg4 Kf6
40.h4 Re8e4
41.Kg3 Ng5f7
42.Rc1f1 Ke5
43.Rf1xf7 { resign }
1-0

[Event "Tourn. n10233"]
[Site "www.echecsemail.com"]
[Date "2019.11.04"]
[Round "1"]
[White "Osopanda"]
[Black "Hansen"]
[WhiteElo "1650"]
[BlackElo "1650"]
[Result "0-1"]
[Round "1"]
1.e4 d5
2.exd5 Qd8xd5
3.Nb1c3 Qd5d4
4.Ng1f3 Qd4g4
5.d4 a6
6.g3 b5
7.Bf1g2 Qg4e6
8.Bc1e3 h6
9.h4 { time. }
0-1

[Event "Match"]
[Site "www.echecsemail.com"]
[Date "2019.11.04"]
[Round "1"]
[White "Libiesse"]
[Black "Apdash"]
[WhiteElo "1950"]
[BlackElo "2170"]
[Result "0-1"]
[Round "1"]
1.Ng1f3 Ng8f6
2.d4 d5
3.g3 Bc8g4
4.Bf1g2 e6
5.c4 Bf8b4
6.Bc1d2 Bb4xd2
7.Qd1xd2 Nb8c6
8.cxd5 Nf6xd5
9.Nb1c3 O-O
10.O-O Qd8d7
11.e3 Rf8e8
12.Ra1c1 Ra8d8
13.a3 f6
14.h3 Bg4h5
15.Kh2 Nd5xc3
16.Rc1xc3 Nc6e7
17.Rf1c1 c6
18.b4 Bh5f7
19.Nf3e1 e5
20.Rc3d3 Bf7g6
21.e4 exd4
22.Rc1d1 f5
23.Rd3xd4 Qd7xd4
24.Qd2xd4 Rd8xd4
25.Rd1xd4 fxe4
26.Rd4d7 b6
27.Rd7xa7 Kf8
28.g4 Ne7d5
29.h4 e3
30.fxe3 Re8xe3
31.Ne1f3 Re3e2
32.Kg3 Bg6e4
33.Ra7a8 Ke7
34.Ra8a7 Kf8
35.Ra7a8 Ke7
36.Ra8a7 Kd6
37.h5 Nd5e3
38.Bg2h1 Ne3f1
39.Kf4 g5
40.Nf3xg5 Be4xh1
41.Ng5f7 Kd5
42.Kg5 Bh1e4
43.Ra7e7 c5
44.Re7e5 Kd4
45.bxc5 bxc5
46.Re5e7 c4
{ resign }
0-1

[Event "Tourn. n10206"]
[Site "www.echecsemail.com"]
[Date "2019.11.04"]
[Round "1"]
[White "Add"]
[Black "Sorim"]
[WhiteElo "2070"]
[BlackElo "2250"]
[Result "0-1"]
[Round "1"]
1.e4 e5
2.Bf1c4 Bf8c5
3.Bc4xf7 Kxf7
4.Qd1h5 Kf8
5.Qh5xe5 d6
6.Qe5f4 Qd8f6
7.Qf4g3 Nb8c6
8.c3 Bc8d7
9.d4 Bc5b6
10.Bc1g5 Qf6g6
11.Qg3f3 Ng8f6
12.Bg5xf6 gxf6
13.h3 Ra8e8
14.Ng1e2 Re8xe4
15.Nb1d2 Re4e7
16.Kd1 Rh8g8
17.g4 Ke8
18.Ne2f4 Qg6f7
19.Nf4d5 Re7e6
20.Rh1e1 Re6xe1
21.Kxe1 Qf7e6
22.Kf1 Kd8
23.Ra1e1 Qe6f7
24.Qf3xf6 Qf7xf6
25.Nd5xf6 Rg8g7
26.Nf6xd7 Kxd7
27.Nd2c4 Rg7e7
28.Re1d1 Nc6a5
29.Nc4xa5 Bb6xa5
30.b4 Ba5b6
31.Rd1d3 a5
32.a3 axb4
33.axb4 d5
34.f3 c6
35.Kf2 Bb6c7
36.Rd3d2 Bc7f4
37.Rd2e2 Re7xe2
38.Kxe2 Kc7
39.Kd3 Kb6
40.c4 dxc4
41.Kxc4 Bf4d2
42.h4 h6
43.h5 Ka6
44.Kc5 Ka7
45.b5 cxb5
46.Kxb5 Bd2g5
47.d5 Kb8
48.Kb6 Kc8
49.Kc5 Kc7
{ resign }
0-1

[Event "Tourn. n10236"]
[Site "www.echecsemail.com"]
[Date "2019.11.04"]
[Round "1"]
[White "Libiesse"]
[Black "Apdash"]
[WhiteElo "2010"]
[BlackElo "2160"]
[Result "0-1"]
[Round "1"]
1.Ng1f3 Ng8f6
2.d4 d5
3.c4 e6
4.Bc1g5 Bf8e7
5.Nb1c3 c6
6.cxd5 cxd5
7.e3 Nb8c6
8.Bf1d3 a6
9.O-O O-O
10.a3 h6
11.Bg5h4 b5
12.b4 Qd8c7
13.Ra1c1 Nf6h7
14.Bh4g3 Be7d6
15.Qd1c2 Nh7f6
16.Nc3xb5 axb5
17.Qc2xc6 Bd6xg3
18.hxg3 Qc7xc6
19.Rc1xc6 Ra8xa3
20.Bd3xb5 Ra3b3
21.Rf1c1 Bc8d7
22.Rc6b6 Rb3xb4
23.Rc1c5 Nf6e4
24.Rc5c7 Rb4xb5
{ resign }
0-1

[Event "Tourn. n10226"]
[Site "www.echecsemail.com"]
[Date "2019.11.05"]
[Round "1"]
[White "Churrasca"]
[Black "Claudia"]
[WhiteElo "2120"]
[BlackElo "2170"]
[Result "1-0"]
[Round "1"]
1.e4 c5
2.Ng1f3 d6
3.d4 cxd4
4.Nf3xd4 Ng8f6
5.Nb1c3 e6
6.Bf1e2 a6
7.Bc1e3 Bf8e7
8.O-O O-O
9.a3 Qd8c7
10.Qd1e1 b5
11.f4 Bc8b7
12.Be2f3 Nb8c6
13.Ra1d1 Rf8d8
14.Nd4b3 b4
15.Nc3a4 Nf6d7
16.axb4 Nc6xb4
17.Qe1xb4 Ra8b8
18.Qb4a5 Qc7xc2
19.Nb3d4 Qc2c8
20.Rd1c1 Nd7c5
21.Na4xc5 dxc5
22.b4 c4
23.Qa5a2 { resign }
1-0

[Event "Tourn. n10194"]
[Site "www.echecsemail.com"]
[Date "2019.11.05"]
[Round "1"]
[White "Krystek23"]
[Black "Numanoid"]
[WhiteElo "2540"]
[BlackElo "2750"]
[Result "1/2-1/2"]
[Round "1"]
1.c4 e6
2.Nb1c3 d5
3.d4 Ng8f6
4.e3 c6
5.Ng1f3 Nb8d7
6.Bf1d3 dxc4
7.Bd3xc4 b5
8.Bc4d3 a6
9.a3 c5
10.O-O Bc8b7
11.dxc5 Bf8xc5
12.b4 Bc5e7
13.Bc1b2 O-O
14.Qd1e2 Ra8c8
15.Nf3d2 Nd7e5
16.Bd3c2 Qd8b6
17.Ra1c1 Rf8d8
18.Rf1d1 Ne5g6
19.f3 Be7d6
20.Nd2b3 Bb7a8
21.Bc2xg6 hxg6
22.Nc3b1 Qb6b8
23.g3 Rc8xc1
24.Rd1xc1 g5
25.Nb1d2 g4
26.fxg4 Qb8b7
27.e4 Nf6xe4
28.Nd2xe4 Qb7xe4
29.Qe2xe4 Ba8xe4
30.Kf2 Be4d5
31.Nb3c5 Bd6e7
32.Bb2d4 Bd5c4
33.Bd4e3 f6
34.h4 Kf7
35.a4 Be7xc5
{ draw }
1/2-1/2

[Event "Match"]
[Site "www.echecsemail.com"]
[Date "2019.11.05"]
[Round "1"]
[White "Apdash"]
[Black "Double2dutch"]
[WhiteElo "2210"]
[BlackElo "2320"]
[Result "0-1"]
[Round "1"]
1.e4 c5
2.Ng1f3 e6
3.d4 cxd4
4.Nf3xd4 a6
5.Bc1e3 Ng8f6
6.f3 Qd8c7
7.Bf1e2 d5
8.Be3g5 Nb8d7
9.exd5 Nf6xd5
10.c4 Nd5f6
11.Bg5e3 Bf8d6
12.O-O Bd6xh2
13.Kh1 Bh2d6
14.Nb1c3 Bd6e7
15.Be3g1 Nd7e5
16.Bg1h2 O-O
17.f4 Ne5c6
18.f5 e5
19.Nd4xc6 bxc6
20.Be2d3 Bc8d7
21.Qd1e2 Be7d6
22.Nc3e4 Nf6xe4
23.Qe2xe4 f6
24.Ra1c1 c5
25.Qe4d5 Kh8
26.Bd3e4 Ra8d8
27.Rf1d1 Bd6e7
28.Qd5b7 Qc7xb7
29.Be4xb7 Bd7xf5
30.Bb7xa6 Rd8a8
31.Ba6b5 Ra8xa2
32.Rd1d2 Ra2a8
33.Bh2g1 Ra8d8
34.Rc1d1 Rd8d4
35.Bg1xd4 cxd4
36.b3 Rf8d8
37.Rd2a2 e4
38.Ra2a7 Be7b4
39.Ra7a4 Bb4c3
40.c5 d3
41.Ra4c4 Bc3e5
42.Bb5c6 e3
43.Bc6f3 d2
44.Bf3e2 Bf5d3
45.Be2xd3 Rd8xd3
46.Rc4e4 Rd3c3
47.g4 Rc3c1
48.Kg2 Rc1xd1
49.Re4xe3 Rd1a1
50.Re3d3 d1Q
51.Rd3d8 Qd1xd8
{ resign }
0-1

[Event "Tourn. n10246"]
[Site "www.echecsemail.com"]
[Date "2019.11.05"]
[Round "1"]
[White "Joskomol"]
[Black "Fantomas"]
[WhiteElo "2020"]
[BlackElo "2220"]
[Result "1-0"]
[Round "1"]
1.e4 e5
2.Ng1f3 Nb8c6
3.d4 exd4
4.Nf3xd4 Nc6xd4
5.Qd1xd4 d6
6.Nb1c3 Ng8f6
7.Bc1f4 Bc8e6
8.O-O-O Bf8e7
9.e5 dxe5
10.Qd4xe5 Be7d6
11.Bf1b5 Kf8
12.Qe5e3 Nf6g4
13.Bf4xd6 cxd6
14.Qe3f4 Ng4e5
15.Rh1e1 Qd8b6
16.Qf4b4 Ra8d8
17.Re1xe5 a6
18.Re5xe6 { resign }
1-0

[Event "Tourn. n10173"]
[Site "www.echecsemail.com"]
[Date "2019.11.05"]
[Round "1"]
[White "Jerome"]
[Black "Rons"]
[WhiteElo "2420"]
[BlackElo "2640"]
[Result "1-0"]
[Round "1"]
1.e4 c5
2.Ng1f3 d6
3.d4 cxd4
4.Nf3xd4 Ng8f6
5.Nb1c3 a6
6.Bc1g5 Nb8d7
7.Qd1e2 h6
8.Bg5h4 g6
9.f4 e5
10.fxe5 dxe5
11.O-O-O Qd8c7
12.Nd4b3 b5
13.Kb1 Bc8b7
14.Nc3d5 Nf6xd5
15.exd5 Bf8d6
16.Qe2d2 Ra8c8
17.Bf1d3 f5
18.c3 e4
19.Bd3c2 Nd7e5
20.Nb3d4 O-O
21.Nd4e6 Qc7h7
22.Ne6xf8 Rc8xf8
23.Qd2e2 Qh7f7
24.Bh4g3 Kh7
25.Bg3xe5 Bd6xe5
26.d6 Bb7d5
27.Bc2b3 Bd5xb3
28.axb3 Rf8d8
29.b4 h5
30.Kc2 Qf7b7
31.d7 Rd8xd7
32.Rd1xd7 Qb7xd7
33.g3 Qd7e6
34.Rh1d1 Kg7
35.Qe2f2 Be5f6
36.Qf2a7 Kh6
37.Qa7c5 Bf6e7
38.Qc5c7 Kg5
39.Qc7d7 Qe6xd7
40.Rd1xd7 Be7f6
41.Rd7d6 Bf6e5
42.Rd6xa6 h4
43.gxh4 Kh5
44.c4 bxc4
45.b5 Be5xh2
46.Kd2 { resign }
1-0

[Event "Match"]
[Site "www.echecsemail.com"]
[Date "2019.11.05"]
[Round "1"]
[White "Fantomas"]
[Black "Joskomol"]
[WhiteElo "2220"]
[BlackElo "2020"]
[Result "0-1"]
[Round "1"]
1.e4 e6
2.d4 d5
3.exd5 exd5
4.Bc1e3 Bc8f5
5.Ng1f3 Nb8c6
6.Bf1e2 Ng8f6
7.c3 Bf8d6
8.h3 Nc6e7
9.O-O O-O
10.Nb1d2 Ne7g6
11.Rf1e1 c6
12.Nd2f1 Qd8b6
13.b3 Ra8e8
14.Be2d3 Bf5xd3
15.Qd1xd3 Nf6e4
16.c4 Qb6d8
17.c5 Bd6c7
18.b4 Re8e6
19.Nf1d2 f5
20.Nd2b3 Ng6h4
21.Nf3xh4 Qd8xh4
22.Qd3f1 f4
23.Be3d2 f3
{ resign }
0-1

[Event "Tourn. n10199"]
[Site "www.echecsemail.com"]
[Date "2019.11.05"]
[Round "1"]
[White "Ditto"]
[Black "Kevinking"]
[WhiteElo "1910"]
[BlackElo "1990"]
[Result "1-0"]
[Round "1"]
1.e4 e6
2.Ng1f3 d5
3.exd5 exd5
4.d4 Ng8f6
5.Bc1g5 Bc8f5
6.Bf1b5 c6
7.Bb5e2 Bf8e7
8.O-O O-O
9.Nb1c3 Nb8d7
10.Rf1e1 Be7b4
11.Qd1d2 Rf8e8
12.a3 Bb4d6
13.Nf3h4 Bf5e6
14.Be2d3 Qd8c7
15.Nc3e2 Bd6xh2
16.Kf1 Bh2d6
17.Bg5f4 Nf6e4
18.Bd3xe4 dxe4
19.Bf4xd6 Qc7xd6
20.c3 Qd6h2
21.Qd2g5 f6
22.Qg5h5 Qh2d6
23.Ne2g3 f5
24.Nh4xf5 Be6xf5
25.Ng3xf5 Qd6g6
26.Qh5h3 Nd7f6
27.Nf5e3 h5
28.Ne3c4 Kf7
29.Nc4e5 { resign }
1-0

[Event "1/128 Finale"]
[Site "www.chess-mail.com"]
[Date "2019.11.05"]
[Round "1"]
[White "Vasylpuzanov"]
[Black "Mapudungo"]
[WhiteElo "1390"]
[BlackElo "1499"]
[Result "1-0"]
[Round "1"]
1.e4 e5
2.f4 exf4
3.Ng1f3 g5
4.d4 g4
5.Nf3e5 Qd8h4
6.g3 fxg3
7.Qd1xg4 Qh4xg4
8.Ne5xg4 Nb8c6
9.c3 d5
10.Ng4e3 dxe4
11.hxg3 f5
12.Nb1a3 Ng8f6
13.Na3b5 Kd8
14.Ne3c4 h5
15.Bc1g5 Bf8e7
16.Bg5f4 Nf6d5
17.O-O-O Nd5xf4
18.gxf4 a6
19.d5 axb5
20.dxc6  { time }
1-0

[Event "Match"]
[Site "www.echecsemail.com"]
[Date "2019.11.06"]
[Round "1"]
[White "Joseph1983"]
[Black "Apdash"]
[WhiteElo "2270"]
[BlackElo "2220"]
[Result "1-0"]
[Round "1"]
1.e4 c5
2.Ng1f3 d6
3.d4 cxd4
4.Nf3xd4 Ng8f6
5.Nb1c3 e6
6.Bc1g5 Bf8e7
7.f4 e5
8.Nd4b5 Nb8a6
9.Bg5xf6 gxf6
10.Nc3d5 Bc8d7
11.Nb5c3 Na6c7
12.f5 Bd7c6
13.Bf1c4 Nc7xd5
14.Bc4xd5 Qd8b6
15.Bd5b3 Qb6e3
16.Qd1e2 Qe3xe2
17.Kxe2 b5
18.Bb3d5 Bc6xd5
19.Nc3xd5 Kd7
20.c3 a5
21.Nd5b6 Kc6
22.Nb6xa8 Rh8xa8
23.Ra1d1 Be7d8
24.Rd1d3 Bd8b6
25.Rd3h3 Ra8h8
26.Rh3h6 Bb6d8
27.Rh1d1 Rh8g8
28.Kf3 Rg8g7
29.g4 Bd8e7
30.Rd1g1 d5
31.exd5 Kxd5
32.Rg1d1 Kc6
33.h3 b4
34.cxb4 axb4
35.Ke4 Kc7
36.Kd5 Kb6
37.Rd1c1 Kb5
38.Rc1c7 Be7d8
39.Rc7d7 Bd8b6
40.Rh6xf6 Bb6d4
41.Rd7b7 Ka5
42.Kc4 { resign }
1-0

[Event "Tourn. n10205"]
[Site "www.echecsemail.com"]
[Date "2019.11.06"]
[Round "1"]
[White "Rons"]
[Black "Virgil08bv"]
[WhiteElo "2640"]
[BlackElo "2680"]
[Result "1/2-1/2"]
[Round "1"]
1.e4 d6
2.d4 Ng8f6
3.Nb1c3 g6
4.Bc1e3 c6
5.h3 Bf8g7
6.Ng1e2 Nb8d7
7.a4 e5
8.g4 d5
9.exd5 Nf6xd5
10.Nc3xd5 cxd5
11.Ne2c3 O-O
12.Qd1d2 Rf8e8
13.O-O-O e4
14.Nc3xd5 Nd7b6
15.Nd5c3 Bc8e6
16.Be3g5 Qd8d6
17.Bf1b5 Re8c8
18.Bg5f4 Qd6d8
19.Bf4e5 f6
20.Be5f4 a6
21.Bb5e2 Nb6d5
22.Nc3xe4 Qd8e8
23.Bf4d6 Qe8xa4
24.Kb1 Nd5b4
25.Ne4c3 Rc8xc3
26.Qd2xc3 Qa4a2
27.Kc1 Bg7h6
28.f4 Nb4d5
29.Qc3a3 Nd5xf4
30.Qa3xa2 Be6xa2
31.Bd6xf4 Bh6xf4
32.Rd1d2 Ra8e8
33.Be2f3 Re8d8
34.c3 Kf7
35.Bf3xb7 Rd8b8
36.Bb7e4 Bf4xd2
37.Kxd2 Rb8xb2
38.Ke3 a5
39.Rh1a1 Ke7
40.h4 Rb2h2
41.h5 gxh5
42.gxh5 h6
43.c4 Rh2h3
44.Kf2 Ba2xc4
45.Ra1xa5 Rh3h2
46.Ke3 Rh2h3
{ draw }
1/2-1/2